La tradición ibérica en la defensa de la vida humana

Spremljeno u:
Bibliografski detalji
Glavni autor: Castán Vázquez, José María (Autor)
Format: Knjiga
Jezik:španjolski
Izdano: Madrid Vaticana 1998
Teme:
Oznake: Dodaj oznaku
Bez oznaka, Budi prvi tko označuje ovaj zapis!

MARC

LEADER 00000nam a2200000 a 4500
001 UCO9448
003 CL-VaPUC
008 010302e19980000SP |||||||||||||||||spa|d
082 0 4 |a 346.012  |b CAS  |2 21 
100 0 |a Castán Vázquez, José María  |e author  |9 454602 
245 1 3 |a La tradición ibérica en la defensa de la vida humana 
300 |a 490 p 
942 |c BK 
945 |d 20010302 00:00:00  |a vberengu 
260 |a Madrid  |b Vaticana  |c 1998 
650 0 |a Derecho a la vida  |9 337220 
650 0 |a Derechos fundamentales   |9 254841 
583 |a last modification  |c 20010302 00:00:00  |k Rodrigo Vera 
999 |c 293656  |d 293654 
952 |0 0  |1 0  |2 ddc  |4 0  |6 346_012000000000000_CAS_1998  |7 0  |8 A  |9 345341  |a BIBDER  |b BIBDER  |d 2019-11-20  |i 3481042  |o 346.012 CAS 1998  |p 3481042  |r 2023-01-25  |w 2019-11-20  |y MX  |k DER